000 00678nam a2200205Ia 4500
003 GCL
008 140319s9999 xx 000 0 ara d
040 _aGCL /
_cGCL
082 0 4 _aق
_b329.022
_bف ا
100 1 _aفؤاد مرسى
245 1 0 _aالانتخابات البرلمانية فى مصر: درس انتخابات 1987 /
_cفؤاد مرسى
700 1 _aاحمد رفعت
700 1 _aاشرف حسين
300 _a372 ص
490 _aالهيئة العامة للاستعلامات
_v0
650 0 4 _aالاحزاب السياسية
650 0 4 _aالانتخابات - مصر
650 0 4 _aالانتخابات البرلمانية
942 _2ddc
_cBK
999 _c47884
_d47884